000 00453nam a2200181Ia 4500
999 _c43776
_d43776
003 0100
005 20170524115043.0
008 130303s9999 xx 000 0 und d
040 _cARRUPELIB
050 _aDT115.M6 1962
100 _aMoorehead, Alan
_931015
245 4 _aThe Blue Nile
245 _bThe Cruelty and splendour of Africa and the men who conquered it
260 _bA Four Square Book
_aLondon
_c1962
300 _a318p
650 _aNile River
_94322
650 _aBlue Nile River
_931016
942 _2lcc
_cMONOGRAPH